[Event "Znojemská Rotunda 2008"]
[Site "?"]
[Date "2008.08.21"]
[Round "7.1"]
[White "Petlak, Josef"]
[Black "Dvorak, Libor"]
[Result "0-1"]
[WhiteElo "1977"]
[BlackElo "2130"]
[PlyCount "94"]
[EventDate "2008.08.??"]
[SourceDate "2008.08.16"]

1. e4 c5 2. g3 Nc6 3. Bg2 g6 4. f4 d6 5. d3 Bg7 6. Nf3 e6 7. O-O Nge7 8. Nc3
O-O 9. Be3 Rb8 10. a4 b6 11. Qd2 a6 12. Rab1 d5 13. Bf2 dxe4 14. Nxe4 Nf5 15.
c3 a5 16. Rfd1 Qd7 17. Qc2 Rd8 18. Rd2 Ba6 19. Rbd1 Rbc8 20. Bf1 Bb7 21. Bg2
Qe7 22. g4 Nd6 23. Bh4 f6 24. Qb3 c4 25. Qxb6 cxd3 26. Nxd6 Rxd6 27. Rxd3 Nd4
28. Qa7 Ne2+ 29. Kf2 Rxd3 30. Rxd3 Nxf4 31. Ne5 Nxd3+ 32. Nxd3 Rc7 33. Bg3 e5
34. Bf1 Qd7 35. Qxa5 Qc6 36. Ne1 Bf8 37. Bb5 Bc5+ 38. Kf1 Qd6 39. Nd3 Bb6 40.
Qb4 Qd5 41. Ne1 Bc5 42. Qa5 Rc8 43. Bd3 e4 44. c4 Qd4 45. Qb5 Qg1+ 46. Ke2
exd3+ 47. Kxd3 Qe3+ 0-1

[Event "Znojemská Rotunda 2008"]
[Site "?"]
[Date "2008.08.21"]
[Round "7.2"]
[White "Slacky, Stanislav"]
[Black "Fojtik, Tomas"]
[Result "1-0"]
[WhiteElo "2157"]
[BlackElo "2093"]
[PlyCount "91"]
[EventDate "2008.08.??"]
[SourceDate "2008.08.16"]

1. d4 e6 2. c4 b6 3. g3 Bb7 4. Nf3 Nf6 5. Bg2 Be7 6. O-O c5 7. Nc3 cxd4 8. Nb5
O-O 9. Nbxd4 d6 10. b3 Nbd7 11. Bb2 Nc5 12. e3 Qd7 13. Qe2 Be4 14. Rfd1 Qb7 15.
Rac1 a6 16. Ne1 Bxg2 17. Nxg2 Rfd8 18. f3 Rd7 19. e4 Qc7 20. Ne3 Rad8 21. Ba1
Rc8 22. Rc2 Rcd8 23. Kg2 Rc8 24. Kf2 Qb8 25. Kg2 Qc7 26. Rcd2 Rcd8 27. b4 Nb7
28. b5 axb5 29. cxb5 Ra8 30. Nc6 Ne8 31. Nc4 Bf8 32. N4e5 Nc5 33. Nxd7 Qxd7 34.
Bd4 Qb7 35. Bxc5 bxc5 36. Rb1 Nc7 37. Rdb2 d5 38. exd5 exd5 39. Qe5 d4 40. b6
Ne6 41. Qe4 Ng5 42. Ne7+ Qxe7 43. Qxa8 Qe6 44. b7 Qh3+ 45. Kh1 Nxf3 46. b8=Q
1-0

[Event "Znojemská Rotunda 2008"]
[Site "?"]
[Date "2008.08.21"]
[Round "7.3"]
[White "Blazek, Milos"]
[Black "Jostic, Peter"]
[Result "1/2-1/2"]
[WhiteElo "2074"]
[BlackElo "1998"]
[PlyCount "42"]
[EventDate "2008.08.??"]
[SourceDate "2008.08.16"]

1. e4 e6 2. d4 d5 3. Nc3 Bb4 4. e5 c5 5. a3 Ba5 6. b4 cxd4 7. Qg4 Ne7 8. bxa5
dxc3 9. Qxg7 Rg8 10. Qxh7 Nbc6 11. Nf3 Qc7 12. Bb5 Bd7 13. O-O O-O-O 14. Bg5
Nxe5 15. Nxe5 Bxb5 16. Nxf7 Bxf1 17. Nxd8 Rxg5 18. Nxe6 Rxg2+ 19. Kh1 Qe5 20.
Rxf1 Qxe6 21. Kxg2 Qg4+ 1/2-1/2

[Event "Znojemská Rotunda 2008"]
[Site "?"]
[Date "2008.08.21"]
[Round "7.4"]
[White "Jadud, Oto"]
[Black "Rysavy, Jan"]
[Result "1-0"]
[WhiteElo "1989"]
[BlackElo "1706"]
[PlyCount "57"]
[EventDate "2008.08.??"]
[SourceDate "2008.08.16"]

1. e4 c5 2. Nf3 d6 3. d4 cxd4 4. Nxd4 Nf6 5. Nc3 g6 6. Bc4 Bg7 7. f3 O-O 8. Be3
Bd7 9. Qd2 Nc6 10. O-O-O Rc8 11. Bb3 Ne5 12. h4 h5 13. Rdg1 Nc4 14. Bxc4 Rxc4
15. g4 Qa5 16. gxh5 Nxh5 17. Rg5 Qc7 18. Rhg1 Rc5 19. Nd5 Qd8 20. Nb3 Rc4 21.
Rxh5 e6 22. Bh6 exd5 23. Bxg7 Kxg7 24. Rxd5 Qxh4 25. Rxd6 Be6 26. Nd4 Rfc8 27.
f4 Bg4 28. Qg2 Bh5 29. Nf5+ 1-0

[Event "Znojemská Rotunda 2008"]
[Site "?"]
[Date "2008.08.21"]
[Round "7.5"]
[White "Simecek, Josef"]
[Black "Adam, Petr"]
[Result "1-0"]
[WhiteElo "1973"]
[BlackElo "1888"]
[PlyCount "79"]
[EventDate "2008.08.??"]
[SourceDate "2008.08.16"]

1. e4 c5 2. b3 Nc6 3. Bb5 a6 4. Bxc6 bxc6 5. Bb2 e6 6. f4 d5 7. Qe2 Nf6 8. d3
Be7 9. Nd2 a5 10. Ngf3 Rg8 11. Ne5 Qc7 12. Ndf3 Nd7 13. Nxd7 Bxd7 14. Ne5 g6
15. Rf1 f6 16. Ng4 e5 17. fxe5 Bxg4 18. Qxg4 fxe5 19. Qe6 Rf8 20. Rxf8+ Kxf8
21. Bxe5 Qc8 22. exd5 Qxe6 23. dxe6 Re8 24. Kf1 Bg5 25. Bd6+ Be7 26. Bxe7+ Kxe7
27. Re1 Rf8+ 28. Kg1 h6 29. Re5 Kd6 30. e7 Re8 31. Re4 Rxe7 32. Rxe7 Kxe7 33.
Kf2 Ke6 34. Ke3 Kd5 35. c3 Ke5 36. a3 Kd5 37. Kf4 Ke6 38. Ke4 Kd6 39. d4 cxd4
40. Kxd4 1-0

[Event "Znojemská Rotunda 2008"]
[Site "?"]
[Date "2008.08.21"]
[Round "7.6"]
[White "Bilek, Martin"]
[Black "Vavrousek, Petr"]
[Result "1-0"]
[WhiteElo "1950"]
[BlackElo "1898"]
[PlyCount "59"]
[EventDate "2008.08.??"]
[SourceDate "2008.08.16"]

1. b3 c5 2. Bb2 Nc6 3. e3 Nf6 4. f4 d5 5. Nf3 e6 6. Bb5 a6 7. Bxc6+ bxc6 8. O-O
Be7 9. d3 O-O 10. Qe1 Rb8 11. Nbd2 a5 12. h3 Ba6 13. Ne5 Qc7 14. Ng4 Nxg4 15.
hxg4 c4 16. dxc4 dxc4 17. Rf3 cxb3 18. axb3 Qd8 19. Rh3 Bb4 20. Rd1 Bc8 21. Be5
Rb5 22. g5 f6 23. gxf6 gxf6 24. Qg3+ Kh8 25. Qh4 Rf7 26. Qh5 Rbb7 27. Ne4 Qe7
28. Nxf6 Rxf6 29. Qg5 Bc3 30. Bxc3 1-0

[Event "Znojemská Rotunda 2008"]
[Site "?"]
[Date "2008.08.21"]
[Round "7.8"]
[White "Bednar, Vaclav"]
[Black "Hemala, Lubos"]
[Result "1-0"]
[WhiteElo "1798"]
[BlackElo "1666"]
[PlyCount "54"]
[EventDate "2008.08.??"]
[SourceDate "2008.08.16"]

1. d4 Nf6 2. c4 e6 3. Nf3 d5 4. e3 b6 5. Be2 dxc4 6. Bxc4 Bb7 7. O-O Ne4 8.
Nbd2 Nd6 9. Bd3 Nc6 10. Ne4 f5 11. Neg5 Qf6 12. e4 fxe4 13. Nxe4 Nxe4 14. Bxe4
O-O-O 15. Bg5 Qf7 16. Bxd8 Nxd8 17. Ne5 Qf4 18. Bxb7+ Nxb7 19. Qg4 Qf5 20. Rfe1
Qxg4 21. Nxg4 h5 22. Ne5 Bb4 23. Re3 Nd6 24. a3 Nf5 25. axb4 Nxe3 26. fxe3 Kb7
27. b5 Rf8 1-0

[Event "Znojemská Rotunda 2008"]
[Site "?"]
[Date "2008.08.21"]
[Round "7.9"]
[White "Mikulu, Lukas"]
[Black "Havel, Vojtech"]
[Result "1-0"]
[WhiteElo "1915"]
[BlackElo "1684"]
[PlyCount "41"]
[EventDate "2008.08.??"]
[SourceDate "2008.08.16"]

1. e4 e5 2. d4 exd4 3. Qxd4 Nc6 4. Qe3 d6 5. Bc4 Nf6 6. Nc3 Be6 7. Bxe6 fxe6 8.
Bd2 Qd7 9. O-O-O O-O-O 10. Nf3 Qf7 11. Nb5 Kb8 12. Nfd4 Ne5 13. f4 Nc4 14. Qb3
d5 15. Nc6+ Kc8 16. Nbxa7+ Kd7 17. Nxd8 Kxd8 18. exd5 exd5 19. Bc3 Nb6 20.
Bxf6+ gxf6 21. Nb5 1-0

[Event "Znojemská Rotunda 2008"]
[Site "?"]
[Date "2008.08.21"]
[Round "7.10"]
[White "Holik, Jakub"]
[Black "Smrcková, Svetlana"]
[Result "1/2-1/2"]
[WhiteElo "1719"]
[BlackElo "1405"]
[PlyCount "33"]
[EventDate "2008.08.??"]
[SourceDate "2008.08.16"]

1. d4 d5 2. c4 Nf6 3. Nc3 e6 4. Bg5 Be7 5. Nf3 O-O 6. e3 Nbd7 7. Bd3 c5 8. O-O
Nb6 9. cxd5 Nbxd5 10. Nxd5 Qxd5 11. Qc2 cxd4 12. Rfd1 g6 13. Bxf6 Bxf6 14. Be4
Qb5 15. Nxd4 Qb4 16. Rac1 Rb8 17. Nb3 1/2-1/2

[Event "Znojemská Rotunda 2008"]
[Site "?"]
[Date "2008.08.22"]
[Round "8.1"]
[White "Dvorak, Libor"]
[Black "Jostic, Peter"]
[Result "0-1"]
[WhiteElo "2130"]
[BlackElo "1998"]
[PlyCount "72"]
[EventDate "2008.08.??"]
[SourceDate "2008.08.16"]

1. Nf3 Nf6 2. c4 c5 3. g3 g6 4. Bg2 Bg7 5. Nc3 d5 6. cxd5 Nxd5 7. Nxd5 Qxd5 8.
d3 O-O 9. O-O Nc6 10. Ng5 Qd4 11. Rb1 Rd8 12. Be3 Qe5 13. Bf4 Qd4 14. Qb3 Qf6
15. Ne4 Qf5 16. Qc4 Nd4 17. Rfe1 e5 18. Bg5 Be6 19. Qxc5 Rdc8 20. Qe7 h6 21.
Be3 Rc2 22. Qxb7 Rd8 23. Nc3 Qh5 24. Qxa7 Nxe2+ 25. Nxe2 Rxe2 26. Rec1 Bf5 27.
Qb7 Rxe3 28. fxe3 Rxd3 29. e4 Be6 30. Re1 Bf8 31. Qb5 Rd2 32. Qa5 Rc2 33. b4
Bh3 34. Bh1 Bf1 35. h4 Qg4 36. Kxf1 Qh3+ 0-1

[Event "Znojemská Rotunda 2008"]
[Site "?"]
[Date "2008.08.22"]
[Round "8.2"]
[White "Jadud, Oto"]
[Black "Slacky, Stanislav"]
[Result "0-1"]
[WhiteElo "1989"]
[BlackElo "2157"]
[PlyCount "78"]
[EventDate "2008.08.??"]
[SourceDate "2008.08.16"]

1. e4 Nf6 2. Nc3 d5 3. exd5 Nxd5 4. Bc4 e6 5. Nf3 Be7 6. O-O O-O 7. d4 b6 8.
Re1 Nxc3 9. bxc3 Bb7 10. Ne5 Bd5 11. Bd3 Bf6 12. f4 Nd7 13. Re3 g6 14. h4 Nxe5
15. fxe5 Bxh4 16. Rh3 Bg5 17. Qg4 Bxc1 18. Rxc1 Qe7 19. c4 Bb7 20. Re1 Rad8 21.
Ree3 f5 22. exf6 Rxf6 23. d5 Bc8 24. Qh4 Rdf8 25. c5 e5 26. d6 cxd6 27. cxd6
Qg7 28. Rxe5 Rf4 29. Qe7 Bxh3 30. gxh3 Qf7 31. Qxf7+ R8xf7 32. Bb5 Rd4 33. Re7
Rf5 34. d7 Rxb5 35. Re8+ Kg7 36. d8=Q Rxd8 37. Rxd8 Ra5 38. Rd7+ Kh6 39. Kg2
Rxa2 0-1

[Event "Znojemská Rotunda 2008"]
[Site "?"]
[Date "2008.08.22"]
[Round "8.3"]
[White "Blazek, Milos"]
[Black "Petlak, Josef"]
[Result "1/2-1/2"]
[WhiteElo "2074"]
[BlackElo "1977"]
[PlyCount "70"]
[EventDate "2008.08.??"]
[SourceDate "2008.08.16"]

1. e4 c5 2. Nf3 d6 3. d4 cxd4 4. Nxd4 g6 5. Nc3 Bg7 6. Be3 Nc6 7. Qd2 Nf6 8. f3
Bd7 9. Bc4 a5 10. a4 O-O 11. h4 Rc8 12. Bb3 Re8 13. h5 Nxh5 14. g4 Nf6 15. Qh2
Nxd4 16. Bxd4 e5 17. Be3 Be6 18. Nd5 Bxd5 19. Bxd5 Nxd5 20. exd5 Kf8 21. O-O-O
Rc4 22. b3 Rb4 23. Qxh7 Qf6 24. Bh6 Bxh6+ 25. Qxh6+ Ke7 26. Qe3 Qf4 27. Rd3
Qxe3+ 28. Rxe3 b5 29. axb5 Rxb5 30. c4 Rb4 31. f4 Kf6 32. fxe5+ Rxe5 33. Rf1+
Ke7 34. Ref3 f5 35. gxf5 Rxf5 1/2-1/2

[Event "Znojemská Rotunda 2008"]
[Site "?"]
[Date "2008.08.22"]
[Round "8.5"]
[White "Fojtik, Tomas"]
[Black "Bednar, Vaclav"]
[Result "1-0"]
[WhiteElo "2093"]
[BlackElo "1798"]
[PlyCount "47"]
[EventDate "2008.08.??"]
[SourceDate "2008.08.16"]

1. d4 Nf6 2. c4 c6 3. Nc3 d5 4. Bg5 Nbd7 5. Nf3 e6 6. e3 Qa5 7. Nd2 Bb4 8. Qc2
O-O 9. Be2 dxc4 10. Bxf6 Nxf6 11. Nxc4 Qg5 12. O-O c5 13. dxc5 Bxc3 14. Qxc3
Qxc5 15. b4 Qc7 16. Rac1 Rd8 17. Qb2 Bd7 18. Bf3 Rab8 19. Rfd1 Bc6 20. Rxd8+
Rxd8 21. Be2 Qe7 22. Ne5 Ba4 23. Qa3 Rd2 24. Qxa4 1-0

[Event "Znojemská Rotunda 2008"]
[Site "?"]
[Date "2008.08.22"]
[Round "8.6"]
[White "Mrazik, Vladislav"]
[Black "Rysavy, Jan"]
[Result "0-1"]
[WhiteElo "1939"]
[BlackElo "1706"]
[PlyCount "58"]
[EventDate "2008.08.??"]
[SourceDate "2008.08.16"]

1. d4 f5 2. c4 g6 3. Nf3 Bg7 4. g3 Nf6 5. Bg2 O-O 6. O-O d6 7. b3 Qe8 8. Bb2
Na6 9. Nbd2 c5 10. d5 b5 11. Rb1 bxc4 12. bxc4 Bd7 13. e4 fxe4 14. Ng5 e3 15.
fxe3 Bh6 16. Ndf3 Bf5 17. Rc1 Nb4 18. Rc3 Nxa2 19. Ra3 Nb4 20. h3 Rb8 21. Ba1
Ne4 22. g4 Nxg5 23. gxf5 Rxf5 24. Nxg5 Rxf1+ 25. Qxf1 Bxg5 26. Rxa7 Nc2 27. Bf3
Nxe3 28. Qc1 Qf7 29. Qc3 Rb1+ 0-1

[Event "Znojemská Rotunda 2008"]
[Site "?"]
[Date "2008.08.22"]
[Round "8.7"]
[White "Vavrousek, Petr"]
[Black "Dobes, Oldrich"]
[Result "0-1"]
[WhiteElo "1898"]
[BlackElo "2032"]
[PlyCount "56"]
[EventDate "2008.08.??"]
[SourceDate "2008.08.16"]

1. e4 c5 2. Nf3 Nc6 3. d4 cxd4 4. Nxd4 Nf6 5. Nc3 g6 6. Be2 d6 7. O-O Bg7 8.
Bg5 O-O 9. Nb3 Be6 10. Kh1 a5 11. a4 Rc8 12. f4 Nb4 13. f5 Bc4 14. Rc1 Qb6 15.
Bxc4 Rxc4 16. Qe2 Rxc3 17. bxc3 Na2 18. fxg6 hxg6 19. Ra1 Nxc3 20. Qe1 Nfxe4
21. Be3 Qb4 22. Bd2 d5 23. Rf3 e6 24. Rh3 Rc8 25. Bh6 Nd1 26. Bd2 Ndf2+ 27. Kg1
Nxh3+ 28. gxh3 Nxd2 0-1

[Event "Znojemská Rotunda 2008"]
[Site "?"]
[Date "2008.08.22"]
[Round "8.8"]
[White "Rysavy, Jindrich"]
[Black "Mikulu, Lukas"]
[Result "0-1"]
[WhiteElo "1453"]
[BlackElo "1915"]
[PlyCount "44"]
[EventDate "2008.08.??"]
[SourceDate "2008.08.16"]

1. e4 e5 2. Nf3 Nc6 3. Bb5 a6 4. Ba4 Nf6 5. O-O b5 6. Bb3 Bc5 7. c3 d6 8. d4
Bb6 9. dxe5 dxe5 10. Qxd8+ Nxd8 11. Nxe5 Nxe4 12. Bd5 Bb7 13. Bxb7 Nxb7 14. Nd2
Nbd6 15. Nxe4 Nxe4 16. Bf4 O-O-O 17. Nxf7 Rdf8 18. Bxc7 Kxc7 19. Nxh8 Nxf2 20.
b3 Nd1+ 21. Rf2 Rxf2 22. Rxd1 Rd2+ 0-1

[Event "Znojemská Rotunda 2008"]
[Site "?"]
[Date "2008.08.22"]
[Round "8.9"]
[White "Hemala, Lubos"]
[Black "Adam, Petr"]
[Result "0-1"]
[WhiteElo "1666"]
[BlackElo "1888"]
[PlyCount "60"]
[EventDate "2008.08.??"]
[SourceDate "2008.08.16"]

1. e4 c5 2. Nf3 Nc6 3. d4 cxd4 4. Nxd4 e5 5. Nb5 a6 6. N5a3 Bc5 7. Nc3 Nge7 8.
Nc4 O-O 9. Be2 b5 10. Ne3 Qb6 11. O-O f5 12. exf5 Nxf5 13. Ncd5 Qa7 14. c3 Nxe3
15. Nxe3 Ne7 16. Qb3+ d5 17. Bf3 Be6 18. Nxd5 Nxd5 19. Bxd5 Bxf2+ 20. Kh1 Bxd5
21. Qxd5+ Kh8 22. Bg5 Rae8 23. Rad1 h6 24. Bc1 e4 25. Qd7 Qxd7 26. Rxd7 e3 27.
Bxe3 Bxe3 28. Rxf8+ Rxf8 29. g3 Rf1+ 30. Kg2 Rf2+ 0-1

[Event "Znojemská Rotunda 2008"]
[Site "?"]
[Date "2008.08.22"]
[Round "8.10"]
[White "Chlapecka, Adam"]
[Black "Bastyr, Pavel"]
[Result "1-0"]
[WhiteElo "1645"]
[BlackElo "1599"]
[PlyCount "43"]
[EventDate "2008.08.??"]
[SourceDate "2008.08.16"]

1. e4 c6 2. d4 d5 3. Nd2 dxe4 4. Nxe4 Bf5 5. Ng3 Bg6 6. h4 h6 7. h5 Bh7 8. Bd3
Bxd3 9. Qxd3 e6 10. Bd2 Nf6 11. O-O-O Qd5 12. Kb1 Be7 13. Nf3 Na6 14. a3 Ng4
15. Ne4 O-O-O 16. Bf4 Qa5 17. Qe2 Rd5 18. Nfd2 Nf6 19. Nc4 Qd8 20. Ne5 Re8 21.
Nxc6 Qb6 22. Nxe7+ 1-0

[Event "Znojemská Rotunda 2008"]
[Site "?"]
[Date "2008.08.23"]
[Round "9.1"]
[White "Slacky, Stanislav"]
[Black "Simecek, Josef"]
[Result "1/2-1/2"]
[WhiteElo "2157"]
[BlackElo "1973"]
[PlyCount "49"]
[EventDate "2008.08.??"]
[SourceDate "2008.08.16"]

1. d4 Nf6 2. c4 e6 3. g3 Bb4+ 4. Bd2 Bxd2+ 5. Nxd2 d5 6. Ngf3 Nbd7 7. Bg2 c6 8.
O-O O-O 9. Qc2 Re8 10. e4 dxe4 11. Nxe4 Nxe4 12. Qxe4 Nf6 13. Qc2 Qb6 14. Rad1
Bd7 15. Rd2 Rad8 16. Rfd1 Bc8 17. b3 Qc7 18. Ne5 c5 19. Nf3 cxd4 20. Nxd4 a6
21. Bf3 e5 22. Ne2 Rxd2 23. Qxd2 e4 24. Bg2 Ng4 25. Qd6 1/2-1/2

[Event "Znojemská Rotunda 2008"]
[Site "?"]
[Date "2008.08.23"]
[Round "9.3"]
[White "Jostic, Peter"]
[Black "Petlak, Josef"]
[Result "1-0"]
[WhiteElo "1998"]
[BlackElo "1977"]
[PlyCount "113"]
[EventDate "2008.08.??"]
[SourceDate "2008.08.16"]

1. e4 e6 2. d4 d5 3. Nc3 Bb4 4. e5 g6 5. Nf3 b6 6. Be2 Be7 7. Bf4 a5 8. Qd2 h5
9. h3 Ba6 10. O-O-O Bxe2 11. Nxe2 c6 12. g4 Nd7 13. Rdg1 Qc7 14. Ng3 h4 15. Ne2
b5 16. g5 Nb6 17. Rg4 Nc4 18. Qd3 Bf8 19. Rxh4 Rxh4 20. Nxh4 Ne7 21. Nf3 a4 22.
h4 b4 23. h5 b3 24. a3 bxc2 25. Nd2 Na5 26. h6 Kd7 27. Qxc2 Nb7 28. Nc3 Nf5 29.
Be3 c5 30. Nf3 cxd4 31. Nxd4 Nxe3 32. fxe3 Qxe5 33. Qd3 Ra5 34. Nxa4 Nd6 35.
Nc3 Nc4 36. h7 Bg7 37. Nf3 Qb8 38. Rh2 Bh8 39. e4 Qb3 40. exd5 Rxd5 41. Qc2
Qxc2+ 42. Kxc2 Ne3+ 43. Kb3 Rf5 44. Rh3 Ng2 45. Ne4 Nf4 46. Rh1 Rb5+ 47. Kc4
Rxb2 48. Nf6+ Kd6 49. a4 Nd5 50. a5 Rb4+ 51. Kd3 Rb5 52. Rc1 Nb4+ 53. Ke4 Bxf6
54. gxf6 Rh5 55. Ng5 Rh4+ 56. Kf3 Kd7 57. Rc4 1-0

[Event "Znojemská Rotunda 2008"]
[Site "?"]
[Date "2008.08.23"]
[Round "9.4"]
[White "Bilek, Martin"]
[Black "Fojtik, Tomas"]
[Result "1/2-1/2"]
[WhiteElo "1950"]
[BlackElo "2093"]
[PlyCount "61"]
[EventDate "2008.08.??"]
[SourceDate "2008.08.16"]

1. e4 c5 2. Nf3 e6 3. d4 cxd4 4. Nxd4 a6 5. Nc3 Qc7 6. Be2 Nf6 7. O-O Be7 8.
Kh1 d6 9. f4 O-O 10. Bf3 Bd7 11. f5 Nc6 12. g4 Nxd4 13. Qxd4 Ne8 14. Qf2 Bf6
15. Bd2 Bxc3 16. Bxc3 e5 17. Rad1 Bc6 18. g5 f6 19. h4 Rd8 20. Bg2 Qf7 21. Qg3
Qe7 22. g6 h6 23. Rf2 Qc7 24. Rfd2 a5 25. b3 b5 26. Bb2 Bb7 27. Qe3 Rd7 28. Kh2
Qb8 29. c3 Ba8 30. Ba3 b4 31. Bb2 1/2-1/2

[Event "Znojemská Rotunda 2008"]
[Site "?"]
[Date "2008.08.23"]
[Round "9.5"]
[White "Adam, Petr"]
[Black "Blazek, Milos"]
[Result "0-1"]
[WhiteElo "1888"]
[BlackElo "2074"]
[PlyCount "46"]
[EventDate "2008.08.??"]
[SourceDate "2008.08.16"]

1. e4 e5 2. Nc3 Nf6 3. Nf3 Nc6 4. g3 d5 5. exd5 Nxd5 6. Bg2 Be6 7. d3 Bc5 8.
O-O Qd7 9. Nxd5 Bxd5 10. Re1 f6 11. Be3 Bxe3 12. Rxe3 O-O-O 13. Qe1 g5 14. Qc3
h5 15. Ne1 Bxg2 16. Nxg2 h4 17. Ne1 Nd4 18. Qd2 Rh6 19. Nf3 hxg3 20. fxg3 Nf5
21. Re2 g4 22. Ne1 Rdh8 23. Rg2 Qd4+ 0-1

[Event "Znojemská Rotunda 2008"]
[Site "?"]
[Date "????.??.??"]
[Round "9.6"]
[White "Dobes, Oldrich"]
[Black "Jadud, Oto"]
[Result "*"]
[WhiteElo "2032"]
[BlackElo "1989"]
[PlyCount "43"]
[EventDate "2008.08.??"]
[SourceDate "2008.08.16"]

1. Nf3 c5 2. c4 Nf6 3. g3 d5 4. cxd5 Nxd5 5. Bg2 Nc6 6. Qa4 Bd7 7. Qb3 Nb6 8.
d3 e6 9. O-O Bd6 10. Nc3 O-O 11. Ne4 Qe7 12. Bg5 f6 13. Nxd6 Qxd6 14. Bf4 Qe7
15. Rac1 Nd5 16. Bd2 Kh8 17. Qc4 b6 18. a3 Qd6 19. d4 cxd4 20. Nxd4 Ne5 21. Qb3
Rad8 22. e4 *

[Event "Znojemská Rotunda 2008"]
[Site "?"]
[Date "2008.08.23"]
[Round "9.7"]
[White "Mikulu, Lukas"]
[Black "Bednar, Vaclav"]
[Result "1-0"]
[WhiteElo "1915"]
[BlackElo "1798"]
[PlyCount "109"]
[EventDate "2008.08.??"]
[SourceDate "2008.08.16"]

1. e4 e5 2. d4 exd4 3. Qxd4 Nf6 4. Bc4 Nc6 5. Qe3 Be7 6. Nc3 O-O 7. Bd2 Ne5 8.
Bb3 c6 9. f4 Neg4 10. Qf3 Bc5 11. Nh3 d5 12. e5 Ne4 13. Nxe4 dxe4 14. Qxe4 Qh4+
15. Kd1 Nf2+ 16. Nxf2 Qxf2 17. Qe2 Qh4 18. e6 fxe6 19. Bxe6+ Bxe6 20. Qxe6+ Kh8
21. Qe5 Qg4+ 22. Qe2 Rxf4 23. Bxf4 Qxf4 24. c3 Rd8+ 25. Kc2 Be3 26. Rad1 Qe4+
27. Rd3 Rxd3 28. Qxd3 Qxg2+ 29. Kb3 Bb6 30. Re1 g6 31. Re8+ Kg7 32. Qd7+ Kh6
33. Re7 Qd5+ 34. Qxd5 cxd5 35. Rxb7 g5 36. Rd7 g4 37. Rxd5 Bg1 38. Rd2 Kg5 39.
Rg2 Bb6 40. h3 h5 41. Kc4 Kh4 42. hxg4 hxg4 43. Kb5 g3 44. c4 Bf2 45. c5 Kh3
46. Rxg3+ Kxg3 47. c6 Bb6 48. Ka6 Kf4 49. Kb7 Ke4 50. c7 Bxc7 51. Kxc7 Kd5 52.
Kb7 a5 53. Kb6 a4 54. Kb5 a3 55. b3 1-0

[Event "Znojemská Rotunda 2008"]
[Site "?"]
[Date "2008.08.23"]
[Round "9.8"]
[White "Smrcková, Svetlana"]
[Black "Mrazik, Vladislav"]
[Result "0-1"]
[WhiteElo "1405"]
[BlackElo "1939"]
[PlyCount "74"]
[EventDate "2008.08.??"]
[SourceDate "2008.08.16"]

1. d4 d5 2. c4 c6 3. Nc3 Nf6 4. Bg5 e6 5. e3 Nbd7 6. Nf3 Be7 7. Bd3 O-O 8. O-O
dxc4 9. Bxc4 Nd5 10. Bxe7 Qxe7 11. Rc1 Nxc3 12. Rxc3 e5 13. Re1 Qf6 14. Qc2 Re8
15. Qb1 e4 16. Nd2 Qg6 17. f3 Nf6 18. Rf1 Bh3 19. Rf2 Be6 20. fxe4 Bxc4 21.
Rxc4 Nxe4 22. Nxe4 Rxe4 23. Qe1 Rae8 24. Rf3 Qe6 25. Ra4 a6 26. Ra3 Rxd4 27.
Rb3 Qd7 28. Qc3 Rd1+ 29. Rf1 Rd8 30. e4 Rxf1+ 31. Kxf1 Qd1+ 32. Kf2 Rd2+ 33.
Kg3 Qe1+ 34. Kg4 Qxe4+ 35. Kh5 g6+ 36. Kg5 Rxg2+ 37. Kf6 Qe6# 0-1

[Event "Znojemská Rotunda 2008"]
[Site "?"]
[Date "2008.08.23"]
[Round "9.10"]
[White "Vavrousek, Petr"]
[Black "Rysavy, Jindrich"]
[Result "1-0"]
[WhiteElo "1818"]
[BlackElo "1453"]
[PlyCount "83"]
[EventDate "2008.08.??"]
[SourceDate "2008.08.16"]

1. e4 c5 2. Nf3 Nc6 3. d4 cxd4 4. Nxd4 d6 5. Bc4 e6 6. Be3 Nf6 7. Nc3 Be7 8.
Qe2 O-O 9. O-O-O Nxd4 10. Bxd4 a6 11. Rhg1 b5 12. Bb3 Bd7 13. g4 b4 14. Na4 Bb5
15. Qe3 Nd7 16. g5 Bxa4 17. Bxa4 e5 18. Qh3 Bxg5+ 19. Rxg5 Qxg5+ 20. Be3 Qd8
21. Bxd7 Qc7 22. Ba4 Qc4 23. Bb3 Qxe4 24. Bd5 Qg6 25. Bxa8 Rxa8 26. Qd7 Qg2 27.
Qxd6 h6 28. Qxe5 Qg6 29. Qg3 Qe6 30. Kb1 Rc8 31. Qd6 Qe4 32. Qd3 Qe6 33. Bd4
Rd8 34. Rg1 Qd6 35. Qe3 Qd5 36. c3 bxc3 37. Bxc3 Qf5+ 38. Kc1 Qh5 39. Rxg7+ Kf8
40. Rg1 Qxh2 41. Bg7+ Kg8 42. Qg3 1-0

[Event "Znojemská Rotunda 2008"]
[Site "?"]
[Date "2008.08.23"]
[Round "9.11"]
[White "Bastyr, Pavel"]
[Black "Havel, Vojtech"]
[Result "1/2-1/2"]
[WhiteElo "1599"]
[BlackElo "1684"]
[PlyCount "85"]
[EventDate "2008.08.??"]
[SourceDate "2008.08.16"]

1. d4 Nf6 2. Bg5 d5 3. Bxf6 gxf6 4. Nc3 Bf5 5. e3 e6 6. Nf3 Bb4 7. Nh4 Bg6 8.
Nxg6 fxg6 9. Bb5+ Nd7 10. O-O Qe7 11. Ne2 c6 12. Bd3 f5 13. c3 Bd6 14. Qb3 Nf6
15. c4 h5 16. cxd5 Nxd5 17. Nc3 Qh4 18. h3 Qe7 19. Nxd5 cxd5 20. Qa4+ Kf7 21.
Rac1 g5 22. f4 g4 23. Kh2 Rhg8 24. Qd1 Qg5 25. g3 Qd8 26. h4 Be7 27. Qe1 Qb6
28. Rc2 Rac8 29. Qe2 Rc7 30. Rfc1 Rgc8 31. Rxc7 Rxc7 32. Rxc7 Qxc7 33. Qc2
Qxc2+ 34. Bxc2 Ke8 35. Ba4+ Kd8 36. Kg2 a6 37. Kf2 b5 38. Bb3 Kc7 39. a4 Kb6
40. axb5 axb5 41. Bc2 Ka5 42. Ke2 Ka6 43. Bd3 1/2-1/2